الرسول فى رمضان

Bibliographic Details
Main Author: خربوطلي، علي حسني (Author)
Format: Book
Published: [s.l.] : Dar al-Ma`arif , 1968
Subjects:

MARC

LEADER 00000cam a2200000 7i4500
001 0000000789
005 20201201093000.0
008 021118s1968
090 0 0 |a BP75.2   |b .K42 1968 
100 0 |a خربوطلي، علي حسني ,   |e author 
245 1 2 |a الرسول فى رمضان   |c علي حسنى الخربطلي 
260 2 |a [s.l.] :   |b Dar al-Ma`arif ,   |c 1968 
300 |a 206 p. ;   |c 17 cm. 
600 0 0 |a Muhammad ,   |c Prophet ,   |d - 632 
650 0 |a Ramadan 
745 0 3 |a al-Rasul fi Ramadan 
999 |a 1000015873   |b Book   |c OPEN SHELF (30 DAYS)   |e Gong Badak Campus 
999 |a 1000015874   |b Book   |c OPEN SHELF (30 DAYS)   |e Gong Badak Campus